000 00392nam a2200157Ia 4500
008 230711s9999||||xx |||||||||||||| ||und||
020 _a978-1-84739-146-9
041 _aENG
082 _a800
_bCO-H
100 _aCovey,Stephen R
245 4 _aThe 8th habit from effectiveness to greatness
260 _c2004
_aNew Delhi
_bPocket Books
300 _a406
650 _aLiterature
942 _cBK
999 _c5228
_d5228